00584nam a2200193Ia 4500001000600000003000500006008004100011010001100052040000900063082001500072100002100087245009800108260003800206300001100244440004800255500000500303503000500308650007700313Z_181CHAP220113s1978 xx 000 0 und d a163153 cCHAP a658.07 M84 aMurcia, Héctor aAdministración de empresas asociativas de producción agropecuaria /cpor Héctor Murcia aSan José, C. R. :bIICA,c1978 a242 p. aSerie de libros y materiales educativos; 36 a a aAdministración rural I. Instituto Interamericano de Ciencias de la OEA